| 000 | 00485nam a2200181 a 4500 | ||
|---|---|---|---|
| 001 | 1777709375491 | ||
| 003 | YourLibrary | ||
| 005 | 20260502134132.0 | ||
| 008 | 260502s2008##################000#0#eng## | ||
| 020 | _a9788171944620 | ||
| 082 | 0 | 4 |
_a343.0524 _bLAN |
| 100 | 1 |
_aLang, Michael, _eauthor. |
|
| 245 | 1 | 0 | _aTaxation Of Artistes And Sportsmen In International Tax Law : |
| 260 | _c2008. | ||
| 300 | _a504 pages | ||
| 942 | _cENGLISH | ||
| 040 |
_aYourLibrary _beng _cYourLibrary |
||
| 999 |
_c622075 _d622075 |
||